| 000 | 01146cam a2200313 a 4500 | ||
|---|---|---|---|
| 001 | 2125396 | ||
| 003 | OSt | ||
| 005 | 20230208142627.0 | ||
| 008 | 970618s1997 nyua b 001 0 eng | ||
| 010 | _a 97026139 | ||
| 020 | _a0807736848 | ||
| 020 | _a080773683X | ||
| 040 |
_aDLC _cDLC _dDLC |
||
| 043 | _an-us--- | ||
| 050 | 0 | 0 |
_aLB2806.15 _b.B43 1997 |
| 082 | 0 | 0 |
_a375/.001 _221 |
| 100 | 1 |
_aBeane, James A., _d1944- |
|
| 245 | 1 | 0 |
_aCurriculum integration : _bdesigning the core of democratic education / _cJames A. Beane. |
| 260 |
_aNew York : _bTeachers College Press, _c1997. |
||
| 300 |
_axiii, 122 p. _bill. ; _c24 cm. |
||
| 504 | _aIncludes bibliographical references (p. 105-115) and index. | ||
| 650 | 0 |
_aCurriculum planning _zUnited States. |
|
| 650 | 0 |
_aCurriculum change _zUnited States. |
|
| 650 | 0 |
_aCritical thinking _xStudy and teaching _zUnited States. |
|
| 650 | 0 |
_aInterdisciplinary approach in education _zUnited States. |
|
| 906 |
_a7 _bcbc _corignew _d1 _eocip _f19 _gy-gencatlg |
||
| 942 |
_2lcc _cBK |
||
| 999 |
_c19967 _d19966 |
||